000
00316nam a2200133Ia 4500
005
20260328104310.0
008
260328s9999||||xx |||||||||||||| ||und||
100
_a
Fernández, Manuel
245
0
_a
La República /
_c
Manuel Fernández
260
_b
Alianza
300
_a
605 p.
650
_a
Clasico
942
_c
BK
999
_c
10936
_d
10936